[Event "IECC KO email"]
[Site "IECC email"]
[Date "2000.06.26"]
[Round "?"]
[White "Owens, Steve"]
[Black "Debow, Hesley"]
[Result "1-0"]
[WhiteElo "1069"]
[BlackElo "1035"]
[PlyCount "85"]
[EventDate "2000.??.??"]
[EventType "tourn (corr)"]
[EventRounds "6"]
[SourceTitle "Corr 2008"]
[Source "ChessBase"]
[SourceDate "2008.06.24"]
[SourceVersion "1"]
[SourceVersionDate "2008.06.24"]
[SourceQuality "1"]

1. e4 e5 2. Nf3 f6 3. d4 Qe7 4. Nc3 Qd6 5. dxe5 fxe5 6. Qxd6 Bxd6 7. Nb5 Nf6 8. Bd3 a6 9. Nxd6+ cxd6 10. Bg5 0-0 11. Bc4+ Kh8 12. Bxf6 Rxf6 13. 0-0-0 b5 14. Bd5 Nc6 15. Rd2 Bb7 16. Rhd1 Nd8 17. c3 Bxd5 18. Rxd5 Nf7 19. Kd2 Rc8 20. Ke3 Rc6 21. h4 h6 22. Nh2 h5 23. g3 Nd8 24. f4 exf4+ 25. gxf4 Nf7 26. Rxh5+ Rh6 27. Rxh6+ Nxh6 28. Rd5 Kh7 29. Kd3 Nf7 30. Nf3 Nd8 31. Nd4 Ne6 32. Nxc6 Nxf4+ 33. Kd4 Nxd5 34. Kxd5 Kh6 35. Ne7 Kh5 36. Kxd6 Kxh4 37. Kxd7 g5 38. e5 g4 39. e6 Kg5 40. Nd5 g3 41. e7 g2 42. e8Q g1Q 43. Qg8+ 1-0

[Event "IECC KO email"]
[Site "IECC email"]
[Date "2000.04.21"]
[Round "?"]
[White "Debow, Hesley"]
[Black "Maidana, Edgardo R"]
[Result "1-0"]
[WhiteElo "1034"]
[BlackElo "1000"]
[PlyCount "55"]
[EventDate "2000.??.??"]
[EventType "tourn (corr)"]
[EventRounds "6"]
[SourceTitle "Corr 2008"]
[Source "ChessBase"]
[SourceDate "2008.06.24"]
[SourceVersion "1"]
[SourceVersionDate "2008.06.24"]
[SourceQuality "1"]

1. e4 e5 2. Nf3 d6 3. Bc4 Be6 4. Bxe6 fxe6 5. d3 Qf6 6. Nbd2 Nd7 7. Nb3 c5 8. 0-0 0-0-0 9. Bg5 Qg6 10. Bxd8 Kxd8 11. Qd2 Be7 12. Qa5+ b6 13. Qxa7 Ke8 14. a4 Bd8 15. a5 Nh6 16. a6 Rf8 17. Nbd2 Bh4 18. Qa8+ Kf7 19. Qc6 Nb8 20. Qxd6 Nxa6 21. Nxe5+ Kf6 22. Nxg6 Re8 23. Nxh4 g5 24. f4 gxh4 25. Rxa6 Rg8 26. Qe5+ Ke7 27. Ra7+ Kf8 28. Qb8# 1-0

[Event "IECC KO email"]
[Site "IECC email"]
[Date "2000.01.28"]
[Round "?"]
[White "Debow, Hesley"]
[Black "Copin, Jean Christophe"]
[Result "1-0"]
[WhiteElo "985"]
[BlackElo "1033"]
[PlyCount "63"]
[EventDate "2000.??.??"]
[EventType "tourn (corr)"]
[EventRounds "6"]
[SourceTitle "Corr 2008"]
[Source "ChessBase"]
[SourceDate "2008.06.24"]
[SourceVersion "1"]
[SourceVersionDate "2008.06.24"]
[SourceQuality "1"]

1. e4 e5 2. Nf3 Nc6 3. Bc4 Bc5 4. d3 Nf6 5. Nc3 d6 6. 0-0 Be6 7. Bxe6 fxe6 8. a3 Qe7 9. Qe2 Nd4 10. Nxd4 Bxd4 11. Nb5 Bc5 12. Be3 a6 13. Bxc5 dxc5 14. Nc3 0-0-0 15. Rad1 g5 16. h3 h5 17. g3 Rdf8 18. Rd2 h4 19. g4 Nxg4 20. hxg4 h3 21. f3 h2+ 22. Kh1 Rh3 23. Qg2 Rfh8 24. Rff2 Qh7 25. Qf1 Qh4 26. Rg2 Rxf3 27. Rdf2 Rhf8 28. Rxf3 Rxf3 29. Qxf3 b5 30. Qg3 Kb7 31. Qxh4 gxh4 32. g5 1-0